Solar hydrogen generation : (Record no. 11365)
[ view plain ]
| 000 -LEADER | |
|---|---|
| fixed length control field | 01445cam a22003134a 4500 |
| 001 - CONTROL NUMBER | |
| control field | 15116991 |
| 005 - DATE AND TIME OF LATEST TRANSACTION | |
| control field | 20080616100504.0 |
| 008 - FIXED-LENGTH DATA ELEMENTS--GENERAL INFORMATION | |
| fixed length control field | 071218s2008 nyuab b 001 0 eng |
| 010 ## - LIBRARY OF CONGRESS CONTROL NUMBER | |
| LC control number | 2007943478 |
| 020 ## - INTERNATIONAL STANDARD BOOK NUMBER | |
| International Standard Book Number | 9780387728094 (hardcover : alk. paper) |
| 020 ## - INTERNATIONAL STANDARD BOOK NUMBER | |
| International Standard Book Number | 9780387728100 (E- ISBN) |
| 040 ## - CATALOGING SOURCE | |
| Original cataloging agency | DLC |
| Transcribing agency | DLC |
| Modifying agency | DLC |
| 050 00 - LIBRARY OF CONGRESS CALL NUMBER | |
| Classification number | TJ810 |
| Item number | .S653 2008 |
| 082 ## - DEWEY DECIMAL CLASSIFICATION NUMBER | |
| Edition number | 22 |
| Classification number | 665.81 |
| Item number | SOL |
| 245 00 - TITLE STATEMENT | |
| Title | Solar hydrogen generation : |
| Remainder of title | Toward a renewable energy future / |
| Statement of responsibility, etc | Edited by Krishnan Rajeshwar, Robert McConnell, Stuart Licht. |
| 260 ## - PUBLICATION, DISTRIBUTION, ETC. (IMPRINT) | |
| Place of publication, distribution, etc | New York, NY : |
| Name of publisher, distributor, etc | Springer, |
| Date of publication, distribution, etc | c2008. |
| 300 ## - PHYSICAL DESCRIPTION | |
| Extent | xix, 318 p. : |
| Other physical details | ill., maps ; |
| Dimensions | 24 cm. |
| 504 ## - BIBLIOGRAPHY, ETC. NOTE | |
| Bibliography, etc | Includes bibliographical references and index. |
| 650 #0 - SUBJECT ADDED ENTRY--TOPICAL TERM | |
| Topical term or geographic name as entry element | Solar energy. |
| 9 (RLIN) | 3978 |
| 650 #0 - SUBJECT ADDED ENTRY--TOPICAL TERM | |
| Topical term or geographic name as entry element | Hydrogen as fuel. |
| 9 (RLIN) | 3979 |
| 700 1# - ADDED ENTRY--PERSONAL NAME | |
| Personal name | Rajeshwar, Krishnan. |
| 9 (RLIN) | 3980 |
| 700 1# - ADDED ENTRY--PERSONAL NAME | |
| Personal name | McConnell, Robert D. |
| 9 (RLIN) | 3981 |
| 700 1# - ADDED ENTRY--PERSONAL NAME | |
| Personal name | Licht, S. |
| Fuller form of name | (Stuart) |
| 9 (RLIN) | 3982 |
| 856 41 - ELECTRONIC LOCATION AND ACCESS | |
| Materials specified | Table of contents only |
| Uniform Resource Identifier | <a href="http://www.loc.gov/catdir/toc/fy0803/2007943478.html">http://www.loc.gov/catdir/toc/fy0803/2007943478.html</a> |
| 942 ## - ADDED ENTRY ELEMENTS (KOHA) | |
| Source of classification or shelving scheme | Dewey Decimal Classification |
| Item type | Book - Borrowing |
| Withdrawn status | Item status | Source of classification or shelving scheme | Damaged status | Not for loan | Vendor | Home library | Current library | Shelving location | Date acquired | Source of acquisition | Cost, normal purchase price | Serial Enumeration / chronology | Total Checkouts | Total Renewals | Full call number | Barcode | Date last seen | Date last borrowed | Koha item type | Materials specified (bound volume or other part) |
|---|---|---|---|---|---|---|---|---|---|---|---|---|---|---|---|---|---|---|---|---|
| Dewey Decimal Classification | Alahram | Central Library | Central Library | First floor | 21/04/2009 | 744.00 | 362 | 8 | 28 | 665.81 SOL | 000016048 | 15/07/2025 | 13/10/2020 | Book - Borrowing | ||||||
| Lost | Dewey Decimal Classification | Baccah | Central Library | Central Library | First floor | 31/05/2009 | 1528.80 | 7117 | 665.81 SOL | 000016420 | 31/05/2009 | Book - Borrowing | Lost In Inventory_2015-8-23 |